00444nam a2200181Ia 4500008004100000020001800041245002600059245002000085260001500105260002200120260000900142300001500151300002500166300001100191440003300202500000800235999001900243170705s9999 xx 000 0 und d a9780516273808 aWe need directions! / cSarah De Capua. aNew York : bChildren's Press, c2002 a31 pages : bcolor illustration ; c18cm.  aRookie read-about geography. a250 c336985d336985